000 00578nam a2200181Ia 4500
003 GCL
008 140319s9999 xx 000 0 ara d
040 _aGCL /
_cGCL
082 0 4 _a239.9
_bع ا
100 1 _aعبدالحليم الجندى
245 1 0 _aالامام جعفر الصادق /
_cعبدالحليم الجندى
260 _aالقاهرة :
_bدار المعارف
300 _a401 ص ؛
_c24 سم
650 0 4 _aالاسلام
650 0 4 _aالاسلام - تراجم
650 0 4 _aالشيعة الامامية الاثنى عشرية
942 _2ddc
_cBK
999 _c36763
_d36763